Statistics for Taylor Swift - I'm Only Me When I'm With You Lyrics

Click here to take the quiz!

General Stats

  • This quiz has been taken 48 times
  • The average score is 263 of 296

Answer Stats

Answer% Correct
do
100%
I
100%
I'm
100%
is
100%
me
100%
on
100%
only
100%
what
100%
When
100%
when
100%
with
100%
you
100%
You
100%
a
95%
feel
95%
if
95%
it
95%
It's
95%
know
95%
no
95%
that
95%
That
95%
The
95%
the
95%
true
95%
yeah
95%
your
95%
you're
95%
And
90%
and
90%
crazy
90%
Don't
90%
don't
90%
down
90%
fly
90%
ground
90%
half
90%
In
90%
in
90%
Let
90%
like
90%
matter
90%
not
90%
time
90%
to
90%
try
90%
tryin'
90%
up
90%
wanna
90%
drive
85%
Just
85%
other
85%
still
85%
we
85%
be
80%
behind
80%
can
80%
live
80%
night
80%
without
80%
about
75%
are
75%
by
75%
everything
75%
Everything
75%
Friday
75%
Livin'
75%
My
75%
my
75%
pictures
75%
say
75%
sky
75%
so
75%
thing
75%
beneath
70%
boy
70%
can't
70%
else
70%
girl
70%
hard
70%
here
70%
hide
70%
isn't
70%
listen
70%
myself
70%
out
70%
painting
70%
right
70%
side
70%
sing
70%
sometimes
70%
tell
70%
yard
70%
anybody
65%
crickets
65%
deepest
65%
fears
65%
field
65%
figure
65%
gets
65%
need
65%
nobody
65%
secrets
65%
small
65%
stars
65%
tears
65%
town
65%
Well
65%
world
65%
all
60%
or
60%
Through
60%
Uh
45%
huh
35%
Tryna
35%

Score Distribution

Percentile by Number Answered

Percent of People with Each Score

Your Score History

You have not taken this quiz